Responses for show #6879 - Thursday, July 10, 2014

Contestants

Jen Fiero, a librarian from Jackson, Michigan

Pete Gittens, a stay-at-home dad and bartender from Brownsville, Minnesota

Campbell Warner, a military attorney originally from Rock Hill, South Carolina (whose 2-day cash winnings total $37,200)

Jeopardy! Round responses

A THOREAU UNDERSTANDING
ANIMALS ALL AROUND
GEOGRAPHICAL HISTORY
WHISKEY
ON THE "ROCK"S
NO CHASER
    $200 26
Walden Pond

Pete
    $200 17
elephant

Campbell
    $200 14
the Alps

Pete
    $200 1
Ireland

Jen
    $200 6
bedrock

Campbell
    $200 11
Usain Bolt

Jen
    $400 27
"Civil Disobedience"

Pete
    $400 16
gorilla

Jen
    $400 15
(Pete: Who are the Puritans?)
(Alex: Be more specific.)
(Pete: Who are the Quakers?)
(Alex: No.)

Pilgrims

Pete
Triple Stumper
    $400 2
7Up

Jen
    $400 7
shamrock

Campbell
    $400 12
Secretariat

Pete
    $600 28
John Brown

Pete
    $600 18
a bear

Pete
    $2,400 21
the Kalahari

Pete
    $600 3
vermouth

Pete
    $600 8
(Pete: What is lobster?)
(Alex: Be more specific.)
(Pete: What is [*]?)
[Initially ruled correct; reversed during the first break, since Alex should not have asked for more specific information because "rock" was in the category name.]

rock lobster

Pete
Triple Stumper
    $600 13
the Ironman

Pete
    $800 29
heaven

Pete
    $800 19
a dolphin

Campbell
    $800 22
Lawrence of Arabia

Campbell
    $800 4
Chivas Regal

Jen
    $800 9
defrock

Jen
    $800 24
Michael Phelps

Campbell
    $1000 30
Concord

Triple Stumper
    $1000 20
ferret

Pete
    $1000 23
the Canary Islands

Jen
    $1000 5
Jack Daniels

Campbell
    $1000 10
sprocket

Jen
    $1000 25
Ted Ligety

Jen

Scores at the first commercial break (after clue 15):

Campbell Pete Jen
$1,600 $800 $3,400

Scores at the end of the Jeopardy! Round:

Campbell Pete Jen
$4,200 $6,800 $5,800

Double Jeopardy! Round responses

STAGE WHISKERS
(Alex: ...not "stage whispers".)
MUSICAL MEDICOS
AN "S"-ORTMENT OF THINGS
PIRATES OF THE CARIBBEAN
ON THE SQUARE
THAT'S DIFFICULT!
    $400 17
Macbeth

Pete
    $400 26
Dr. Dre

Pete
    $400 6
spoon

Campbell
    $400 11
Jolly Roger

Campbell
    $400 1
Red Square

Pete
    $400 13
hard

Campbell
    $800 18
Cats

Campbell
    $800 16
(Alex: You're gonna love it. [*].)

"The Doctor Is In"

Triple Stumper
    $800 7
shredder

Campbell
    $800 12
(Jen: Who is Blackbeard?)

Captain Kidd

Jen
Triple Stumper
    $800 2
Boston

Campbell
    $800 14
stubborn

Campbell
    $1200 23
(Alexandre) Dumas

Campbell
    $1200 25
the Thompson Twins

Campbell
    $1200 8
Salmonella

Triple Stumper
    $1200 21
(Jen: What are the Bahamas?)
(Pete: What are the... Antilles?)

the British Virgin Islands

PeteJen
Triple Stumper
    $1200 3
San Francisco

Campbell
    $1200 15
complicated

Pete
    $1600 29
Tevye

Jen
    $1600 27
loving you

Pete
    $1600 9
scepter

Jen
    $2,000 22
(Pete: Who is Sir Walter Raleigh?)

Captain Henry Morgan

Pete
    $1600 4
(Alex: "Remember me to [*]." Yes.)

Herald Square

Jen
    $1,200 19
austerity measures

Campbell
    $2000 30
Evita

Triple Stumper
    $2000 28
Dr. Feelgood

Jen
    $2000 10
Studebaker

Pete
    $2000 24
(Jean) Lafitte

Pete
    $2000 5
Berlin

Campbell
    $2000 20
onus

Pete

Scores at the end of the Double Jeopardy! Round:

Campbell Pete Jen
$15,400 $13,600 $10,600

[wagering suggestions for these scores]

Final Jeopardy! Round responses

IN THE DICTIONARY
JenWhat is ethereal
$7,000
PeteWhat is Sweet
$10,000
CampbellWhat is aromatic?
$11,800
ethereal

Final scores:

Campbell Pete Jen
$3,600 $3,600 $17,600
2nd place: $2,000 3rd place: $1,000 New champion: $17,600

Game dynamics:

Coryat scores:

Campbell Pete Jen
$15,800 $13,800 $10,600
19 R
(including 1 DD),
0 W
19 R
(including 1 DD),
4 W
(including 1 DD)
13 R,
2 W

Combined Coryat: $40,200

The J! Archive is created by fans, for fans. The Jeopardy! game show and all elements thereof, including but not limited to copyright and trademark thereto, are the property of Jeopardy Productions, Inc. and are protected under law. This website is not affiliated with, sponsored by, or operated by Jeopardy Productions, Inc. Join the discussion at JBoard.tv.